| 000 | 01050nam a2200145Ia 4500 | ||
|---|---|---|---|
| 008 | 220104s9999 xx 000 0 und d | ||
| 100 | _aVeeraputhran S | ||
| 245 | 0 | _aRubber seed processing industry in India. Pt II. | |
| 520 | _aThe cost of processing of rubber seed oil and cake in India is estimated using `split-off point' approach on the basis of the information collected from the processing units in the main processing centre of Virudhunagar district in Tamil Nadu. The properties of rubber seed oil and cake are explained along with hitherto reported commercial uses. In India Rubber seed oil is entirely consumed in the low quality soap manufacturing industry. Rubber seed cake is purchased mainly by the cattle rearers around the processing centres for direct feeding. The marketing of rubber seed oil and cake is explained along with a comparative analysis of the prices of comparable oils and cakes. | ||
| 650 | _aIndia | ||
| 650 | _aIndustrial application | ||
| 650 | _aRubber seed processing | ||
| 700 | _aJoseph Toms | ||
| 942 | _cBE | ||
| 999 |
_c47404 _d47404 |
||